Dialogos (Registro nro. 11193)
[ vista simple ]
| 000 -CABECERA | |
|---|---|
| Longitud fija campo de control | 00338nam a2200145 4500 |
| 003 - • IDENTIFICADOR DELl NÚMERO DE CONTROL | |
| Identificador del número de control | CO-ViMGA |
| 020 ## - • NÚMERO INTERNACIONAL NORMALIZADO PARA LIBROS | |
| Número Internacional Normalizado para Libros (ISBN) | 9583000841 |
| 040 ## - FUENTE DE LA CATALOGACIÓN | |
| Centro catalogador de origen | CO-ViMGA |
| Lengua de catalogación | spa |
| Centro transcriptor | CO-ViMGA |
| 082 ## - • NÚMERO DE LA CLASIFICACIÓN DECIMAL DEWEY | |
| Número de clasificación (R) | 184.1 |
| Número del ítem | P517d |
| 100 1# - • PUNTO DE ACCESO PRINCIPAL-NOMBRE DE PERSONA | |
| Nombre de persona | Platon, |
| Fechas asociadas al nombre | 1998 |
| 245 10 - • TITULO PROPIAMENTE DICHO | |
| Título | Dialogos |
| 300 ## - • DESCRIPCIÓN FÍSICA | |
| Extensión | 552 |
| 942 ## - ENTRADA DE ELEMENTOS AGREGADOS (KOHA) | |
| Fuente de clasificaión o esquema | Dewey Decimal Classification |
| Koha [por defecto] tipo de item | LIbro |
| Perdido | Fuente de clasificación o esquema | Estado Físico | No para préstamo | Forma de adquisición | Localización permanente | Localización actual | Fecha adquisición | Préstamos totales | Signatura completa | Código de barras | Fecha última consulta | Fecha del precio de reemplazo | Tipo de item de Koha |
|---|---|---|---|---|---|---|---|---|---|---|---|---|---|
| Dewey Decimal Classification | Damaged | Sala General | Biblioteca Barrio Emporio - Villavicencio | Biblioteca Barrio Emporio - Villavicencio | 08/09/2017 | 184.1 P517d | 31516 | 08/09/2017 | 08/09/2017 | LIbro |